[Event "Druzynowe Mistrzostwa Polski II Liga"]
[Site "Szklarska Poreba"]
[Date "1899-12-30"]
[Round "9.89"]
[White "Guziewicz, Wojciech"]
[Black "Zychowicz, Marcin"]
[Result "1/2-1/2"]
[WhiteTitle "I"]
[BlackTitle "II+"]
[WhiteElo "1836"]
[BlackElo "1857"]

1. e4 c6 2. d4 d5 3. Nc3 dxe4 4. Nxe4 Nd7 5. Nf3 Ngf6 6. Nxf6+ Nxf6 7. Be2 Bg4
8. c3 e6 9. h3 Bh5 10. Ne5 Bxe2 11. Qxe2 Be7 12. O-O O-O 13. Ng4 Nxg4 14. Qxg4
Bf6 15. Be3 Qa5 16. f4 g6 17. Qf3 Qb5 18. Rf2 Be7 19. g4 f5 20. g5 Qd5 21. a3
Qxf3 22. Rxf3 a5 23. Bd2 Kf7 24. Kg2 b5 25. a4 Rfb8 26. Bc1 Rd8 27. Rd3 Rd5 28.
Be3 Bd8 29. b3 Rb8 30. b4 axb4 31. axb5 Rdxb5 32. c4 Ra5 33. Rxa5 Bxa5 34. Rb3
h6 35. h4 hxg5 36. hxg5 Ke8 37. Bc1 Kd7 38. Rh3 b3 39. Rh7+ Kd6 40. Bb2 c5 41.
d5 exd5 42. Be5+ Kc6 43. cxd5+ Kxd5 44. Bxb8 b2 45. Rh1 Kc4 46. Kf3 Kb3 47. Be5
Bc3 48. Ke3 c4 49. Bf6 Ba5 50. Rb1 c3 51. Kd3 Bb4 52. Be5 Ka2 53. Kc2 Ba5 54.
Rd1 Bb4 55. Bc7 Bc5 56. Kxc3 b1=Q 57. Rxb1 Kxb1 58. Kc4 Be3 59. Kd5 Kc2 60. Ke5
Kd3 61. Kf6 Ke4 62. Kxg6 Bxf4 63. Bxf4 Kxf4 64. Kh6 Ke3 65. g6 f4 66. g7 f3 67.
g8=Q f2 68. Qg2 Ke2 69. Qe4+ Kf1 70. Kg5 Kg1 71. Qe3 Kg2 72. Qe2 Kg1 73. Qg4+
Kh1 74. Qh3+ Kg1 75. Qg3+ Kh1 76. Qf3+ Kg1 77. Qg3+ Kh1 78. Qxf2 1/2-1/2

[Event "Druzynowe Mistrzostwa Polski II Liga"]
[Site "Szklarska Poreba"]
[Date "1899-12-30"]
[Round "9.90"]
[White "Parol, Pola"]
[Black "Kmiecik, Emilia"]
[Result "1-0"]
[WhiteTitle "k+"]
[BlackTitle "I+"]
[WhiteElo "1968"]
[BlackElo "1786"]

1. e4 c5 2. Nf3 d6 3. d4 cxd4 4. Nxd4 Nf6 5. Nc3 a6 6. Nb3 Nc6 7. Be3 b5 8. a4
b4 9. Nd5 Nxd5 10. exd5 Ne5 11. a5 e6 12. f4 Ng6 13. Qd2 Be7 14. Bb6 Qd7 15. O-O-O
O-O 16. Bd3 Qa4 17. Kb1 exd5 18. h4 Bf6 19. h5 Ne7 20. Be2 Nc6 21. g4 h6 22. g5
hxg5 23. fxg5 Be5 24. g6 Be6 25. gxf7+ Rxf7 26. h6 d4 27. hxg7 Bxg7 28. Bh5 Rf6
29. Qg5 Rf5 30. Qg3 Rxa5 31. Rhg1 Qa2+ 32. Kc1 Ra7 33. Bxa7 Nb8 1-0

[Event "Druzynowe Mistrzostwa Polski II Liga"]
[Site "Szklarska Poreba"]
[Date "1899-12-30"]
[Round "9.91"]
[White "Daniluk, Jerzy"]
[Black "Gierulski, Kamil"]
[Result "0-1"]
[WhiteTitle "k"]
[BlackTitle "k+"]
[WhiteElo "2088"]
[BlackElo "2219"]

1. Nf3 c5 2. e3 d5 3. d4 Nf6 4. c4 cxd4 5. Nxd4 e5 6. Nc2 Nc6 7. cxd5 Qxd5 8. Qxd5
Nxd5 9. e4 Nf4 10. g3 Ne6 11. Be3 Ned4 12. Nxd4 exd4 13. Bd2 Bg4 14. Be2 Bxe2
15. Kxe2 O-O-O 16. Rc1 Bd6 17. f4 h5 18. h4 f6 19. Kf3 Ba3 0-1

[Event "Druzynowe Mistrzostwa Polski II Liga"]
[Site "Szklarska Poreba"]
[Date "1899-12-30"]
[Round "9.92"]
[White "Ziemniak, Piotr"]
[Black "Lisowski, Krzysztof"]
[Result "0-1"]
[WhiteTitle "I"]
[BlackTitle "k"]
[WhiteElo "1801"]
[BlackElo "2043"]

1. e4 c5 2. Nf3 Nc6 3. d4 cxd4 4. Nxd4 Nf6 5. Nc3 e5 6. Ndb5 d6 7. Bg5 a6 8. Na3
b5 9. Bxf6 gxf6 10. Nd5 Bg7 11. Bd3 Ne7 12. c4 f5 13. O-O Nxd5 14. cxd5 fxe4 15.
Bxe4 O-O 16. Rb1 f5 17. Bc2 Qh4 18. Qe2 Kh8 19. Bb3 Bd7 20. Rfc1 Rac8 21. f3 Bh6
22. Rxc8 Rxc8 23. Qf2 Rc1+ 24. Bd1 Qb4 25. Rxc1 Bxc1 26. Nc2 Qc5 27. b4 Qxd5 28.
Qe1 Qd2 29. Qxd2 Bxd2 30. Kf2 Be6 31. Ke2 Bc1 32. a3 Bc4+ 33. Ke1 Kg7 34. g3 Kf6
35. Kf2 Bb3 36. h3 Bxa3 37. Nxa3 Bxd1 38. Nb1 Bb3 39. Nd2 Bc4 40. g4 d5 41. Kg3
f4+ 42. Kf2 Kg5 43. Kg1 h5 44. Kf2 hxg4 45. hxg4 Kf6 46. Ke1 Ke6 47. Kd1 Kd6 48.
Kc2 Be2 49. Kc3 Ke6 50. Kc2 e4 51. fxe4 f3 52. exd5+ Kxd5 53. Kc3 f2 54. g5 f1=Q
55. Nxf1 Bxf1 56. g6 Bc4 57. g7 Ke4 58. Kc2 Kd4 59. Kb2 Bg8 60. Ka3 Kc4 0-1

[Event "Druzynowe Mistrzostwa Polski II Liga"]
[Site "Szklarska Poreba"]
[Date "1899-12-30"]
[Round "9.93"]
[White "Migala, Andrzej"]
[Black "Wozniak, Grzegorz"]
[Result "1/2-1/2"]
[WhiteTitle "I++"]
[BlackTitle "I"]
[WhiteElo "2021"]
[BlackElo "1694"]

1. e4 e6 2. d4 d5 3. e5 c5 4. c3 Nc6 5. Nf3 Qb6 6. a3 c4 7. Nbd2 Na5 8. Be2 Bd7
9. O-O Be7 10. Rb1 Rc8 11. Qc2 Nb3 12. Nxb3 cxb3 13. Qd1 a5 14. Be3 a4 15. Rc1
Bb5 16. Nd2 Qa6 17. Re1 Bxe2 18. Qxe2 Qxe2 19. Rxe2 b5 20. Nf3 h5 21. Ne1 Nh6
22. Bxh6 Rxh6 23. Nd3 g6 24. Kf1 Rh8 25. Ke1 Kd7 26. Kd2 Rc4 27. f3 Rhc8 28. Kd1
R4c7 29. Rf2 Rg8 30. Re2 Rgc8 31. Rf2 Rh8 1/2-1/2

[Event "Druzynowe Mistrzostwa Polski II Liga"]
[Site "Szklarska Poreba"]
[Date "1899-12-30"]
[Round "9.94"]
[White "Nowakowski, Jacek"]
[Black "Jedra, Waldemar"]
[Result "0-1"]
[WhiteTitle "II+"]
[BlackTitle "I"]
[WhiteElo "1583"]
[BlackElo "2020"]

1. c4 Nf6 2. Nc3 b6 3. e4 Bb7 4. d3 c5 5. f4 e6 6. e5 Ng8 7. Ne4 d5 8. exd6 Bxd6
9. Nxd6+ Qxd6 10. Qg4 Ne7 11. Nf3 Nf5 12. Bd2 Nc6 13. a3 f6 14. O-O-O O-O-O 15.
Re1 Kb8 16. Rg1 h5 17. Qh3 a6 18. Nh4 Nfd4 19. Qe3 b5 20. Bc3 b4 21. Bxd4 cxd4
22. Qd2 bxa3 23. bxa3 Qxa3+ 24. Qb2 Qd6 25. g3 Ka7 26. Bh3 Rhe8 27. Re2 Rb8 28.
Kd2 Ba8 29. Qc2 Qb4+ 30. Kc1 Qa3+ 31. Kd1 Qa1+ 32. Kd2 Qxg1 33. Re1 Qxh2+ 0-1

[Event "Druzynowe Mistrzostwa Polski II Liga"]
[Site "Szklarska Poreba"]
[Date "1899-12-30"]
[Round "9.95"]
[White "Kupryjaniuk, Tomasz"]
[Black "Augustyn, Jan"]
[Result "0-1"]
[WhiteTitle "I"]
[BlackTitle "II"]
[WhiteElo "1844"]
[BlackElo "1728"]

1. e4 d5 2. exd5 Nf6 3. c4 e6 4. d4 Bb4+ 5. Bd2 Bxd2+ 6. Nxd2 O-O 7. Ngf3 exd5
8. Be2 Nc6 9. h3 Re8 10. O-O Bf5 11. Rc1 Qd7 12. cxd5 Nxd5 13. Bb5 Nf4 14. Ne5
Qxd4 15. Bxc6 bxc6 16. Ndc4 Qd5 17. Nf3 Ne2+ 18. Kh2 Nxc1 19. Qxc1 Bd3 0-1

[Event "Druzynowe Mistrzostwa Polski II Liga"]
[Site "Szklarska Poreba"]
[Date "1899-12-30"]
[Round "9.96"]
[White "Polak, Sylwia"]
[Black "Wierzbowska, Aleksandra"]
[Result "0-1"]
[WhiteTitle "I"]
[BlackTitle "I+"]
[WhiteElo "1371"]
[BlackElo "1694"]

1. d4 Nf6 2. c4 g6 3. Nc3 Bg7 4. e4 d6 5. Nf3 O-O 6. Be2 c5 7. d5 Nbd7 8. O-O Ng4
9. h3 Nge5 10. Nxe5 Bxe5 11. Bh6 Re8 12. f4 Bd4+ 13. Kh1 Nf6 14. Qc2 a6 15. a4
Kh8 16. Rae1 Ng8 17. Bg5 Qc7 18. Bd3 h6 19. Bh4 Bd7 20. Kh2 Rf8 21. Bg3 f5 22.
e5 e6 23. b3 dxe5 24. fxe5 f4 25. Bxf4 Rxf4 26. d6 Rxf1 27. Bxf1 Qd8 28. Qxg6
Qg5 29. Qe4 Bc6 0-1

[Event "Druzynowe Mistrzostwa Polski II Liga"]
[Site "Szklarska Poreba"]
[Date "1899-12-30"]
[Round "9.97"]
[White "Grochowalski, Pawel"]
[Black "Stachanczyk, Jacek"]
[Result "1/2-1/2"]
[WhiteTitle "k+"]
[BlackTitle "IM"]
[WhiteElo "2134"]
[BlackElo "2218"]

1. d4 Nf6 2. Nf3 g6 3. c4 c5 4. d5 b5 5. cxb5 a6 6. b6 d6 7. Nc3 Bg7 8. e4 O-O
9. Be2 Nbd7 10. O-O Nxb6 11. Qc2 Ne8 12. a4 a5 13. Bf4 Nc7 14. Rfe1 f6 15. Nd2
Na6 16. Nc4 Nb4 17. Qd2 Nxc4 18. Bxc4 Ba6 19. Nb5 Qb6 20. Ra3 Bc8 21. h3 Bd7 22.
Kh2 Rab8 23. Bg3 Kh8 24. f4 Rbd8 25. Bf2 Be8 26. g4 Bd7 27. f5 Ra8 28. Bg3 Kg8
29. Bf4 Kf7 30. Kg2 g5 31. Bg3 Rh8 32. Rh1 h5 1/2-1/2

[Event "Druzynowe Mistrzostwa Polski II Liga"]
[Site "Szklarska Poreba"]
[Date "1899-12-30"]
[Round "9.98"]
[White "Gumula, Daniel"]
[Black "Baumann, Dariusz"]
[Result "1/2-1/2"]
[WhiteTitle "FM"]
[BlackTitle "k"]
[WhiteElo "2260"]
[BlackElo "2067"]

1. d4 d5 2. c4 c6 3. Nf3 Nf6 4. Nc3 e6 5. e3 Nbd7 6. Qc2 Bd6 7. Bd3 O-O 8. O-O
dxc4 9. Bxc4 b5 10. Bd3 Bb7 11. Ne4 Nxe4 12. Bxe4 f5 13. Bd3 c5 14. Be2 c4 15.
a4 a6 16. b3 Rc8 17. axb5 axb5 18. bxc4 Rf6 19. g3 bxc4 20. Ba3 Bb8 21. Nd2 Rh6
22. f4 Nf6 23. Bf3 Nd5 24. Rae1 g5 25. Rf2 Ba7 26. fxg5 Qxg5 27. Nf1 Kh8 28. Bd6
Rg6 29. Be5+ Kg8 30. Qa4 Bb8 31. Qd7 Bxe5 32. Qxb7 Rb8 33. Qc6 Ne7 34. Qxc4 Bg7
35. Bg2 Rf8 36. Ra1 h5 37. Ra6 Qh6 38. Qc7 Rf7 39. Ra7 Bf8 40. d5 Rgg7 41. dxe6
Qxe6 42. Qd7 Qg6 43. Bd5 Nxd5 44. Qxd5 Kh7 1/2-1/2

[Event "Druzynowe Mistrzostwa Polski II Liga"]
[Site "Szklarska Poreba"]
[Date "1899-12-30"]
[Round "9.99"]
[White "Kulinski, Krzysztof"]
[Black "Garbowski, Jakub"]
[Result "0-1"]
[WhiteTitle "k"]
[BlackTitle "k"]
[WhiteElo "2078"]
[BlackElo "2156"]

1. e4 c5 2. d3 e6 3. Nd2 Nc6 4. Ngf3 g6 5. g3 Bg7 6. Bg2 Nge7 7. O-O d5 8. Re1
b6 9. exd5 exd5 10. c3 O-O 11. Nf1 h6 12. h4 Be6 13. Bf4 Qd7 14. Qd2 Kh7 15. Ne5
Nxe5 16. Bxe5 f6 17. Bf4 Rae8 18. d4 c4 19. Nh2 Nc6 20. Re2 a5 21. b3 cxb3 22.
axb3 Rc8 23. Qd3 Bf5 24. Qb5 Nxd4 0-1

[Event "Druzynowe Mistrzostwa Polski II Liga"]
[Site "Szklarska Poreba"]
[Date "1899-12-30"]
[Round "9.100"]
[White "Siedlinski, Piotr"]
[Black "Cichocki, Konrad"]
[Result "1/2-1/2"]
[WhiteTitle "k"]
[BlackTitle "I+"]
[WhiteElo "2132"]
[BlackElo "1864"]

1. e4 e5 2. Nc3 Bc5 3. Nf3 Nc6 4. Nxe5 Nxe5 5. d4 Bd6 6. dxe5 Bxe5 7. Bd2 d6 8.
Bd3 Bd7 9. Qe2 Nf6 10. O-O-O c6 11. h3 Qa5 12. Kb1 O-O 13. f4 Bd4 14. Nb5 Qb6
15. Nxd4 Qxd4 16. Bc3 Qc5 17. g4 Rfe8 18. Qf3 Be6 19. Rhg1 d5 20. e5 Ne4 21. Bxe4
dxe4 22. Qxe4 Rad8 23. Bb4 Qc4 24. Qxc4 Bxc4 25. Bd6 Bd5 26. b3 f6 27. Rd4 g5
28. c4 gxf4 29. cxd5 fxe5 30. Bxe5 Rxe5 31. Rxf4 1/2-1/2

[Event "Druzynowe Mistrzostwa Polski II Liga"]
[Site "Szklarska Poreba"]
[Date "1899-12-30"]
[Round "9.101"]
[White "Augustowski, Janusz"]
[Black "Guzik, Jolanta"]
[Result "0-1"]
[WhiteTitle "I"]
[BlackTitle "WFM"]
[WhiteElo "1804"]
[BlackElo "2041"]

1. d4 d5 2. c4 e6 3. Nf3 c6 4. e3 f5 5. Ne5 Nf6 6. Be2 Bd6 7. O-O O-O 8. f4 Nbd7
9. Nc3 Ne4 10. Nxe4 fxe4 11. Bd2 c5 12. Qb3 Qb6 13. Nxd7 Bxd7 14. Qc3 Rac8 15.
b3 Qd8 16. Rac1 b6 17. Rf2 Be7 18. Rcf1 Bf6 19. g4 g6 20. g5 Bg7 21. h4 b5 22.
Qa1 b4 23. Rh2 a5 24. Kg2 Bc6 25. Bc1 cxd4 26. Bb2 e5 27. fxe5 Rxf1 28. Kxf1 Bxe5
29. Rg2 Qd7 30. Bg4 Rf8+ 31. Kg1 Qf7 32. Bxd4 Bxd4 33. Qxd4 h5 34. gxh6 Kh7 35.
cxd5 Bxd5 36. h5 g5 37. Qe5 Kxh6 38. Be6 Bxe6 39. Qxg5+ Kh7 40. h6 Rg8 41. Qxa5
Rxg2+ 42. Kxg2 Qf3+ 43. Kh2 Qh3+ 44. Kg1 Qxe3+ 45. Kh2 Qxh6+ 46. Kg3 Qh3+ 47.
Kf2 Qf3+ 48. Ke1 Qe3+ 49. Kd1 Qd3+ 50. Ke1 Qc3+ 51. Kf2 Kg6 52. a3 Qb2+ 53. Ke1
bxa3 54. Qc5 a2 55. Qg1+ Kf7 56. Qa7+ Kf6 0-1

[Event "Druzynowe Mistrzostwa Polski II Liga"]
[Site "Szklarska Poreba"]
[Date "1899-12-30"]
[Round "9.102"]
[White "Pluta, Natalia"]
[Black "Cichocka, Katarzyna"]
[Result "1/2-1/2"]
[WhiteTitle "I++"]
[BlackTitle "I++"]
[WhiteElo "1814"]
[BlackElo "1608"]

1. c4 c5 2. g3 g6 3. Bg2 Bg7 4. Nc3 Nf6 5. e3 O-O 6. Nge2 Nc6 7. O-O d6 8. h3 a6
9. d4 Qc7 10. Nd5 Nxd5 11. cxd5 Nb8 12. Qc2 Qb6 13. dxc5 Qxc5 14. Qe4 Qc7 15.
Nd4 Qd8 16. b4 Nd7 17. Bb2 Nf6 18. Qd3 Bd7 19. Rac1 Qb6 20. Qb3 Rac8 21. Ba1 Rc7
22. Rxc7 Qxc7 23. b5 axb5 24. Nxb5 Bxb5 25. Qxb5 Nd7 26. Bxg7 Kxg7 27. Qb2+ Kg8
28. Rc1 Nc5 29. e4 Qa5 30. Qe2 Ra8 31. Rc2 Qa6 32. Qe3 Qa4 33. Qe2 Qd4 34. Kh2
Ra4 35. Qb5 Ra8 36. Qb6 Qa4 37. Rb2 1/2-1/2